Southville International School and Colleges
Your cart is empty.
  • Cart
  • Lists
    Public lists Eva Luna New books Lux_list list_1
    Your lists Log in to create your own lists
  • Log in to your account
  • Your cookies
  • Search history
Southville International School and Colleges
  • Advanced search
  • Recent comments
  • Most popular
  • Libraries

Log in to your account

Log in with GOOGLE


If you do not have an external account, but do have a local account, you can still log in:

  1. Home
  2. MARC view: Business statistics :
Normal view MARC view ISBD view

Business statistics : (Record no. 359379)

[ view plain ]
MARC details
000 -LEADER
fixed length control field 00465nam a2200145Ia 4500
008 - FIXED-LENGTH DATA ELEMENTS--GENERAL INFORMATION
fixed length control field 181023s9999 xx 000 0 und d
020 ## - INTERNATIONAL STANDARD BOOK NUMBER
International Standard Book Number 9781260288377
100 ## - MAIN ENTRY--PERSONAL NAME
Personal name Jaggia, Sanjiv.
245 ## - TITLE STATEMENT
Statement of responsibility, etc Sanjiv Jaggia, Alison Kelly.--
Title Business statistics :
Remainder of title communicating with numbers /
250 ## - EDITION STATEMENT
Edition statement 3rd ed
260 ## - PUBLICATION, DISTRIBUTION, ETC. (IMPRINT)
Place of publication, distribution, etc New York :
Name of publisher, distributor, etc McGraw Hill
Date of publication, distribution, etc 2019
300 ## - PHYSICAL DESCRIPTION
Extent xxxii, 814 pages.
650 ## - SUBJECT ADDED ENTRY--TOPICAL TERM
Topical term or geographic name as entry element Commercial statistics.
650 ## - SUBJECT ADDED ENTRY--TOPICAL TERM
Topical term or geographic name as entry element Management -- statistical methods.
Holdings
Withdrawn status Lost status Damaged status Home library Current library Shelving location Date acquired Source of acquisition Total Checkouts Full call number Barcode Date last seen Price effective from Koha item type
      College Library College Library Reserve Section 10/23/2018 Library Fund   HF 1017 .J24 2019 C21738 10/23/2018 10/23/2018 Books

Business statistics :

APA

Jaggia S., . (2019). Business statistics. New York: McGraw Hill.

Chicago

Jaggia Sanjiv, . 2019. Business statistics. New York: McGraw Hill.

Harvard

Jaggia S., . (2019). Business statistics. New York: McGraw Hill.

MLA

Jaggia Sanjiv, . Business statistics. New York: McGraw Hill. 2019.

  • Place hold
  • Print
  • Cite
  • Add to your cart (remove)
  • Save record
    BIBTEX Dublin Core MARCXML MARC (non-Unicode/MARC-8) MARC (Unicode/UTF-8) MARC (Unicode/UTF-8, Standard) MODS (XML) RIS
  • More searches
    Search for this title in:
    Other Libraries (WorldCat) Other Databases (Google Scholar) Online Stores (Bookfinder.com) Open Library (openlibrary.org)

Exporting to Dublin Core...

SOUTHVILLE LIBRARY

Southville International School and Colleges Library

1281 Tropical Ave. Cor. Luxembourg St., BF Homes International, Las Pinas City

Tel. No. 8256374 / 252358 Loc. 117/146

Powered by Koha